| 000 | 00749nam a22002057a 4500 | ||
|---|---|---|---|
| 999 |
_c63264 _d63264 |
||
| 005 | 20250710163703.0 | ||
| 008 | 250710s2023 en ||||| |||| 00| 0 eng d | ||
| 020 | _a9781509959129 X | ||
| 041 | _aeng | ||
| 080 | _a342.4 The-44 | ||
| 245 |
_aThe architecture of constitutional amendments : _bhistory, law, politics / _cedited by: Richard Albert. |
||
| 264 |
_aOxford ; New York: _bHart, _c 2024. |
||
| 300 |
_a366 pages ; _b24 cm. |
||
| 653 | _aARCHITECTURE OF CONSTITUTIONAL AMENDMENTS | ||
| 653 | _aConstitutional amendments | ||
| 653 | _aკონსტიტუციური ცვლილებები | ||
| 653 | _aსამართალი | ||
| 700 |
_aRichard, Albert _eრედაქტორი _925637 |
||
| 942 |
_2udc _cBK |
||